Normal view
MARC view
Entry Personal Name
001 - CONTROL NUMBER
- control field: 83251
003 - CONTROL NUMBER IDENTIFIER
- control field: OSt
005 - DATE AND TIME OF LATEST TRANSACTION
- control field: 20250801151254.0
008 - FIXED-LENGTH DATA ELEMENTS
- fixed length control field: 250801|| aca||aabn | a|a d
040 ## - CATALOGING SOURCE
- Original cataloging agency: OSt
- Transcribing agency: OSt
100 ## - HEADING--PERSONAL NAME
- Personal name: Jain.Lalit
670 ## - SOURCE DATA FOUND
- Source citation: Work cat.: (OSt)68096: Jain.Lalit, GATE Chapterwise Previous Years Solved Paper 2025-2000 Mechanical Engineering, 2025









